Lucifer. Domy ticha /

Hlavní autor: Carey, Mike, 1959-
Další autoři: Gross, Peter, 1958-
Jazyk: Čeština
Vydáno: Praha : Crew ve spolupráci s nakl. Netopejr, 2014
Edice: Světové komiksy česky
Témata:
Fyzický popis: [138] s. : vše barev. il. ; 26 cm
Knihy
Uloženo v:
LEADER 01511cam a2200433 a 4500
001 nkc20142603227
003 CZ PrNK
005 20150203101457.0
007 ta
008 140717s2014 xr a g 000 1 cze d
015 |a cnb002603227 
020 |a 978-80-7449-247-1  |q (Crew ;  |q váz.) 
020 |a 978-80-87044-61-2  |q (Netopejr ;  |q váz.) :  |c Kč 449,00 
035 |a (OCoLC)903088614 
040 |a KLG001  |b cze  |d ABA001 
041 1 |a cze  |h eng 
072 7 |a 821-1/-8  |x Literatura různých forem a žánrů  |2 Konspekt  |9 25 
080 |a 821-312.5  |2 MRF 
080 |a (084.1)  |2 MRF 
100 1 |a Carey, Mike,  |d 1959-  |7 xx0067134  |4 aut 
245 1 0 |a Lucifer.  |p Domy ticha /  |c Mike Carey scénář ; Peter Gross ... [et al.] kresba ; [překlad Štěpán Kopřiva] 
246 3 0 |a Domy ticha 
260 |a Praha :  |b Crew ve spolupráci s nakl. Netopejr,  |c 2014 
300 |a [138] s. :  |b vše barev. il. ;  |c 26 cm 
490 1 |a Světové komiksy česky 
500 |a Přeloženo z angličtiny? 
521 8 |a Pro věk 18+ 
655 7 |a komiksy  |7 fd131978  |2 czenas 
655 9 |a comics  |2 eczenas 
700 1 |a Gross, Peter,  |d 1958-  |7 xx0098288  |4 ill 
765 0 |t Lucifer: Mansions of the silence  |9 Česky 
765 1 |t Mansions of the silence  |9 Česky 
830 0 |a Světové komiksy česky  |0 s 
910 2 |a BOA001  |b 3-1339.346 
928 9 |a Netopejr 
990 |a BK 
995 |a 01 
991 |b 201501  |c NOV  |e b 
996 6 |b 2610617519  |c 3-1339.346  |l MZK  |r Sklad / do 1 hodiny  |n 6  |p p.v.  |w 001481417  |u 000010  |a 1  |e BOA001  |j MZK50  |s P